[Event "Titled Tue 26th Aug Early"]
[Site "chess.com INT"]
[Date "2025.08.26"]
[Round "6"]
[White "Daulet, Alikhan"]
[Black "Fedorov, Artem Alek"]
[Result "1/2-1/2"]
[WhiteTitle "CM"]
[BlackTitle "CM"]
[WhiteElo "2158"]
[BlackElo "2093"]
[WhiteFideId "13741632"]
[BlackFideId "34418431"]
[EventDate "2025.08.26"]

1. d3 d5 2. Nf3 Nf6 3. g3 c5 4. Bg2 Nc6 5. O-O g6 6. Nbd2 Bg7 7. e4 O-O 8. c3 e6
9. Qc2 a5 10. a4 b6 11. Rd1 Ba6 12. Nf1 Qe7 13. h4 Rfd8 14. Bg5 h6 15. Bf4 Rac8
16. N1h2 Kh7 17. Ne5 Nxe5 18. Bxe5 dxe4 19. dxe4 Rxd1+ 20. Rxd1 Rd8 21. Rxd8
Qxd8 22. Bf1 Bb7 23. f3 Nh5 24. Bxg7 Kxg7 25. Kf2 Qd6 26. f4 Nxf4 27. gxf4 Qxf4+
28. Nf3 Bxe4 29. Qe2 g5 30. hxg5 hxg5 31. Qe3 Bc6 32. Qxf4 gxf4 33. Ne5 Bxa4 34.
Bc4 f6 35. Nd3 e5 36. Bd5 Kg6 37. Be4+ Kg5 38. Ne1 f5 39. Nf3+ Kf6 40. Bd5 e4
41. Nh4 Bd1 42. Ng2 Ke5 43. c4 e3+ 44. Ke1 Bc2 45. Nh4 Be4 46. Ng6+ Kd4 47. Nxf4
Bxd5 48. cxd5 Ke5 49. Ke2 c4 50. Kxe3 b5 51. d6 Kxd6 52. Kd4 Kc6 53. Nd5 Kd6 54.
Nc3 Kc6 55. Nd5 Kd6 56. Nf4 Kc6 57. Ne2 Kd6 58. Ng3 f4 59. Ne4+ Kc6 60. Nc3 f3
61. Ke3 Kc5 62. Kxf3 b4 63. Ne2 c3 64. b3 c2 65. Kf2 Kb5 66. Ke3 a4 67. Nd4+ Ka5
68. Kd2 axb3 69. Nxb3+ Ka4 70. Kxc2 Ka3 71. Nd4 Ka4 72. Nc6 b3+ 73. Kb2 Kb5 74.
Nd4+ Kc4 75. Nxb3 1/2-1/2

[Event "Titled Tue 26th Aug Early"]
[Site "chess.com INT"]
[Date "2025.08.26"]
[Round "6"]
[White "Swarna Nihal"]
[Black "Ganiev, Artur"]
[Result "0-1"]
[WhiteTitle "FM"]
[WhiteElo "2366"]
[BlackElo "2247"]
[WhiteFideId "25683640"]
[BlackFideId "34391550"]
[EventDate "2025.08.26"]

1. d4 Nf6 2. c4 e6 3. Nf3 d5 4. g3 Be7 5. Bg2 O-O 6. O-O dxc4 7. Qc2 b5 8. a4
Bb7 9. axb5 a6 10. bxa6 Nxa6 11. Qxc4 Bd5 12. Qc3 c5 13. dxc5 Nxc5 14. Rxa8 Qxa8
15. Na3 Rb8 16. Bf4 Na4 17. Qc7 Rb7 18. Qc1 Nxb2 19. Nc2 Nc4 20. Ncd4 Ba3 21.
Qa1 e5 22. Bxe5 Nxe5 23. Nc2 Nxf3+ 24. Bxf3 Bxf3 25. exf3 Ra7 26. Nxa3 Rxa3 27.
Qd4 Rxf3 28. Ra1 Qe8 29. Ra7 h6 30. Qa1 Rd3 31. Ra8 Rd1+ 32. Qxd1 Qxa8 33. h3
Qd5 34. Qe2 Ne4 35. h4 g6 36. Qe3 h5 37. Qa3 Nd2 38. Qe3 Nf3+ 39. Kf1 Nh2+ 40.
Kg1 Ng4 41. Qe2 Qe5 42. Qc2 Kg7 43. Kg2 Nf6 44. Qd2 Qd5+ 45. Qxd5 Nxd5 46. f3
Kf6 47. Kf2 Kf5 48. Kg2 Nb4 49. Kf2 Nd3+ 50. Ke3 Ne5 51. Kf2 f6 52. Kg2 g5 53.
hxg5 fxg5 54. Kf2 g4 55. f4 Nd3+ 56. Ke3 Nxf4 57. gxf4 h4 58. Kf2 Kxf4 59. Kg2
h3+ 60. Kh2 Kf3 61. Kh1 g3 62. Kg1 g2 63. Kh2 Kf2 64. Kxh3 g1=Q 65. Kh4 Qg6 66.
Kh3 Qh5# 0-1

[Event "Titled Tue 26th Aug Early"]
[Site "chess.com INT"]
[Date "2025.08.26"]
[Round "6"]
[White "Pribelszky, Bence"]
[Black "Kaufman, David"]
[Result "0-1"]
[WhiteTitle "IM"]
[BlackTitle "IM"]
[WhiteElo "2428"]
[BlackElo "2447"]
[WhiteFideId "769738"]
[BlackFideId "34220194"]
[EventDate "2025.08.26"]

1. c4 Nf6 2. Nf3 e6 3. d4 d5 4. g3 Bb4+ 5. Bd2 Be7 6. Bg2 O-O 7. O-O Nbd7 8. Qc2
Ne4 9. Bc1 c6 10. Nbd2 f5 11. b3 b6 12. Bb2 Bb7 13. Rac1 Qe8 14. Ne5 Nxe5 15.
dxe5 c5 16. cxd5 exd5 17. f4 Rd8 18. Nxe4 fxe4 19. f5 Bg5 20. Rcd1 Ba8 21. h4
Be3+ 22. Kh2 d4 23. Bxe4 Qxe5 24. Bxa8 Rxa8 25. Rf3 Rae8 26. Re1 Qe4 27. Qd3 Bh6
28. Kh3 g6 29. Qc4+ Kh8 30. f6 Bd2 31. Ref1 Qxe2 32. f7 Qxc4 33. fxe8=Q Qxf1+
34. Rxf1 Rxe8 35. Bc1 Re2 36. Bxd2 Rxd2 37. a3 Kg7 38. b4 Rc2 39. bxc5 bxc5 40.
Rd1 Rc3 41. Kg4 Rxa3 42. Rc1 Rc3 43. Ra1 d3 44. Rxa7+ Kf6 45. Rxh7 d2 46. Rd7
Rc2 47. Kf4 c4 48. g4 c3 49. Ke3 Rc1 50. Ke2 Re1+ 51. Kf3 d1=Q+ 52. Kf4 0-1

[Event "Titled Tue 26th Aug Early"]
[Site "chess.com INT"]
[Date "2025.08.26"]
[Round "6"]
[White "Parfenov, Viktor N."]
[Black "Souleidis, Georgios"]
[Result "0-1"]
[WhiteTitle "CM"]
[BlackTitle "IM"]
[WhiteElo "2193"]
[BlackElo "2418"]
[WhiteFideId "4165969"]
[BlackFideId "4206827"]
[EventDate "2025.08.26"]

1. d4 Nf6 2. Nf3 g6 3. Bg5 Bg7 4. Nbd2 d5 5. e3 O-O 6. Be2 Nbd7 7. c3 Re8 8. Bh4
e5 9. Bg3 e4 10. Ne5 Nxe5 11. Bxe5 c5 12. O-O Bd7 13. c4 cxd4 14. Bxd4 Bc6 15.
Qb3 Qd7 16. Rfd1 Ba4 17. Qc3 Bxd1 18. Rxd1 Qc6 19. c5 Red8 20. b4 a6 21. Nb3 Ne8
22. Na5 Qc7 23. Bxg7 Nxg7 24. Nb3 Ne6 25. Bg4 f5 26. Be2 Rac8 27. Rc1 Qg7 28.
Qd2 Kh8 29. a4 d4 30. exd4 Nxd4 31. Nxd4 Rxd4 32. Qe1 Qe5 33. g3 h5 34. h4 Rf8
35. c6 bxc6 36. Rxc6 f4 37. Rxg6 f3 38. Rg5 Rf5 39. Rxf5 Qxf5 40. Qc3 Qe5 41.
Qc8+ Kg7 42. Bc4 Rd1+ 43. Kh2 Qd6 44. Qg8+ Kf6 45. Qf7+ Ke5 46. b5 Kd4 47. bxa6
Kc3 48. Bb5 Qd2 49. Qa7 Qe1 50. Qc5+ Kb2 51. Qe5+ Kb1 52. g4 Qg1+ 53. Kh3 Qg2# 0-1

[Event "Titled Tue 26th Aug Early"]
[Site "chess.com INT"]
[Date "2025.08.26"]
[Round "6"]
[White "Punin, Andrii"]
[Black "Sevig, Mert Can"]
[Result "0-1"]
[WhiteTitle "FM"]
[BlackTitle "CM"]
[WhiteElo "2289"]
[BlackElo "2143"]
[WhiteFideId "14112639"]
[BlackFideId "44546335"]
[EventDate "2025.08.26"]

1. e4 g6 2. Be2 Bg7 3. f4 d6 4. Nf3 Nf6 5. d3 O-O 6. O-O Nc6 7. Kh1 e5 8. fxe5
dxe5 9. Bg5 h6 10. Bh4 Qd6 11. Nbd2 Be6 12. b3 Nh5 13. Nc4 Bxc4 14. bxc4 Nf4 15.
Bg3 Nd4 16. Nxd4 Qxd4 17. Rb1 Nxe2 18. Qxe2 b6 19. h4 f5 20. exf5 gxf5 21. Qh5
Qd7 22. Rbe1 Rae8 23. Re2 f4 24. Bh2 Rf5 25. Qg4 Qf7 26. Rf3 h5 27. Qh3 Qg6 28.
g3 Qg4 29. Qf1 Ref8 30. gxf4 exf4 31. Rg2 Qxh4 32. Qg1 R8f7 33. Qf2 Qf6 34. Rxf4
Rxf4 35. Bxf4 Qxf4 36. Qxf4 Rxf4 37. Rg5 Rh4+ 38. Kg2 Rg4+ 39. Rxg4 hxg4 40. Kg3
Kf7 41. Kxg4 Ke6 42. Kf4 c5 43. Ke4 Bc3 44. Kf4 Bd2+ 45. Ke4 a6 46. a4 a5 47.
Kf3 Ke5 48. Ke2 Bh6 49. c3 Bc1 50. Kd1 Bh6 51. Ke2 Kf4 52. Kf2 Bg7 53. d4 cxd4
54. cxd4 Bxd4+ 55. Ke2 Ke4 56. Kd2 Bc5 57. Kc3 Ke3 58. Kb2 Kd3 59. Kb3 Kd4 60.
Kc2 Kxc4 61. Kb2 Kb4 62. Ka2 Kxa4 63. Kb2 b5 64. Ka2 b4 65. Kb2 b3 66. Kb1 Kb4
67. Ka1 a4 68. Kb1 a3 69. Ka1 a2 70. Kb2 Bd4+ 71. Kc1 Kc3 72. Kd1 Kd3 73. Kc1
a1=Q# 0-1

[Event "Titled Tue 26th Aug Early"]
[Site "chess.com INT"]
[Date "2025.08.26"]
[Round "6"]
[White "Shapiro, Daniel"]
[Black "Ienasoaie, Rafael"]
[Result "1/2-1/2"]
[WhiteTitle "FM"]
[BlackTitle "CM"]
[WhiteElo "2284"]
[BlackElo "2168"]
[WhiteFideId "2001780"]
[BlackFideId "1266659"]
[EventDate "2025.08.26"]

1. d4 f5 2. Bf4 Nf6 3. h3 d5 4. Nf3 e6 5. e3 Be7 6. Nbd2 Ne4 7. c3 c6 8. Be2 g5
9. Be5 Rg8 10. g4 Nd7 11. Bh2 Nf8 12. Ne5 Ng6 13. f3 Nxd2 14. Qxd2 Bd6 15. O-O-O
Qc7 16. f4 Nxe5 17. fxe5 Be7 18. Bd3 Qa5 19. Kb1 Bd7 20. Rdf1 Rf8 21. Rf2 O-O-O
22. Rhf1 fxg4 23. hxg4 h6 24. Rf7 Rde8 25. Qg2 Qd8 26. Qh3 Rxf7 27. Rxf7 Rh8 28.
Qf3 Be8 29. Rh7 Rxh7 30. Bxh7 Bd7 31. Qf7 Qf8 32. Qxf8+ Bxf8 33. e4 Be8 34. exd5
cxd5 35. Kc2 h5 36. gxh5 Bxh5 37. b3 Kd7 38. c4 Bf3 39. Bg3 Be7 40. Kd3 g4 41.
cxd5 Bxd5 42. Be4 Kc6 43. Bg6 Bg5 44. Be8+ Kc7 45. Bg6 Kc6 46. Be8+ Kc7 47. Bg6
a6 48. Be4 Kc6 49. Bg6 Kd7 50. Be4 Kc6 51. Bg6 Kd7 52. Be4 Kc6 1/2-1/2

[Event "Titled Tue 26th Aug Early"]
[Site "chess.com INT"]
[Date "2025.08.26"]
[Round "6"]
[White "Smietanska, Wiktoria"]
[Black "Bogdanov, Artyom"]
[Result "1-0"]
[WhiteTitle "CM"]
[BlackTitle "FM"]
[WhiteElo "2237"]
[BlackElo "2383"]
[WhiteFideId "21869359"]
[BlackFideId "13749200"]
[EventDate "2025.08.26"]

1. c4 e5 2. Nc3 Nc6 3. Nf3 g6 4. d4 exd4 5. Nxd4 Bg7 6. Be3 Nge7 7. g3 O-O 8.
Bg2 d6 9. O-O Bd7 10. Qd2 Re8 11. Rfd1 Qc8 12. Nd5 Nxd5 13. Bxd5 Ne5 14. Rac1 c6
15. Bg2 Bh3 16. Bh6 Bh8 17. Bh1 Qc7 18. Nf3 Rad8 19. Bf4 Nxf3+ 20. Bxf3 Be5 21.
Bg5 Rd7 22. Bh1 a6 23. e4 Bg7 24. Bf4 Be5 25. Bh6 Bg4 26. f3 Bh3 27. Be3 Bg7 28.
f4 Qd8 29. Bf3 Qe7 30. Bd4 Qe6 31. Bxg7 Kxg7 32. Qd4+ Qf6 33. Kf2 Red8 34. Rc3
Be6 35. b3 h6 36. Rcd3 Qxd4+ 37. Rxd4 Kf6 38. Ke3 Ke7 39. g4 f6 40. f5 Bf7 41.
h4 b5 42. cxb5 axb5 43. R4d3 c5 44. a4 bxa4 45. bxa4 Ra7 46. Ra3 gxf5 47. exf5
d5 48. Kf4 1-0

[Event "Titled Tue 26th Aug Early"]
[Site "chess.com INT"]
[Date "2025.08.26"]
[Round "6"]
[White "Torres Rebolledo, Alvaro"]
[Black "Dandeniya, D D L N"]
[Result "1-0"]
[WhiteTitle "FM"]
[BlackTitle "CM"]
[WhiteElo "2327"]
[BlackElo "1985"]
[WhiteFideId "54587670"]
[BlackFideId "29928818"]
[EventDate "2025.08.26"]

1. Nf3 Nf6 2. g3 g6 3. Bg2 Bg7 4. O-O O-O 5. c4 d6 6. d4 Nc6 7. d5 Na5 8. Nbd2
c5 9. dxc6 Nxc6 10. Re1 Bg4 11. h3 Bd7 12. Rb1 Rc8 13. b3 d5 14. Bb2 Bf5 15.
cxd5 Bxb1 16. dxc6 Bf5 17. cxb7 Rb8 18. Ne5 Bd7 19. Ndc4 Bb5 20. Qxd8 Rfxd8 21.
Na5 Nd7 22. Nxd7 Rxd7 23. Bxg7 Kxg7 24. Rc1 Ba6 25. b4 Bxb7 26. Nxb7 Rbxb7 27.
Bxb7 Rxb7 28. a3 Rd7 29. Rc6 Rd1+ 30. Kg2 Rd7 31. Ra6 e6 32. Kf3 Kf6 33. Ke4 Ke7
34. f4 f5+ 35. Kf3 Rc7 36. e3 Kd7 37. g4 Rb7 38. Kg3 Rc7 39. Kh4 h6 40. gxf5
gxf5 41. Kh5 Rb7 42. Kxh6 Rc7 43. Kg6 Ke7 44. h4 Rc3 45. Rxa7+ Kd6 46. h5 Rxe3
47. h6 Rg3+ 48. Kf7 Rh3 49. Kg7 Rg3+ 50. Kf8 Rh3 51. h7 e5 52. fxe5+ Kd5 53. Kg8
f4 54. h8=Q Rxh8+ 55. Kxh8 f3 56. Rf7 f2 57. Rxf2 1-0

[Event "Titled Tue 26th Aug Early"]
[Site "chess.com INT"]
[Date "2025.08.26"]
[Round "6"]
[White "Gibala, Adam"]
[Black "Gong, Qianyun"]
[Result "1-0"]
[WhiteTitle "FM"]
[BlackTitle "WGM"]
[WhiteElo "2300"]
[BlackElo "2229"]
[WhiteFideId "21070288"]
[BlackFideId "8602425"]
[EventDate "2025.08.26"]

1. c4 c5 2. Nf3 Nf6 3. g3 Nc6 4. Bg2 d5 5. cxd5 Nxd5 6. O-O e5 7. Nc3 Nc7 8. d3
Be7 9. Nd2 Bd7 10. Nc4 f6 11. Ne3 O-O 12. b3 Kh8 13. Ba3 Rc8 14. Rc1 b6 15. Ncd5
Nxd5 16. Nxd5 Bd6 17. e3 Be6 18. Nc3 Be7 19. Qe2 Qd7 20. Bf3 f5 21. Rfd1 Bf6 22.
Qf1 Nb4 23. Bb2 Qf7 24. Qg2 Rcd8 25. Qf1 Qg6 26. Bg2 Qe8 27. Qe2 Rf7 28. a3 Nc6
29. b4 Bb3 30. Rd2 cxb4 31. Nb5 Na5 32. Nc7 Qf8 33. axb4 Rc8 34. bxa5 Rfxc7 35.
Rxc7 Rxc7 36. axb6 axb6 37. d4 e4 38. h4 Qb4 39. Bh3 g6 40. Kg2 Kg7 41. h5 Bc4
42. Qd1 Bd3 43. hxg6 hxg6 44. Kg1 Rc8 45. Bf1 Bxf1 46. Kxf1 Qc4+ 47. Kg2 Qg8 48.
d5 Bxb2 49. Rxb2 Rd8 50. Qd4+ Kh6 51. Rb1 g5 52. Qf6+ Kh7 53. Rh1# 1-0

[Event "Titled Tue 26th Aug Early"]
[Site "chess.com INT"]
[Date "2025.08.26"]
[Round "6"]
[White "Sovetbekova, Nurai"]
[Black "Karamsetty, Jeevan"]
[Result "1/2-1/2"]
[WhiteTitle "WFM"]
[BlackTitle "FM"]
[WhiteElo "2027"]
[BlackElo "2244"]
[WhiteFideId "13801910"]
[BlackFideId "2025337"]
[EventDate "2025.08.26"]

1. d4 d6 2. Nf3 Nf6 3. c4 g6 4. Nc3 Bg7 5. e4 O-O 6. Bd3 Nc6 7. O-O e5 8. d5 Ne7
9. Ne1 Nh5 10. Be3 f5 11. f3 Nf4 12. Bc2 g5 13. exf5 Nxf5 14. Bf2 Nd4 15. Bxd4
exd4 16. Ne2 Qf6 17. Nd3 Nxe2+ 18. Qxe2 Bf5 19. Rad1 Rae8 20. Qd2 Re3 21. Nf2
Rfe8 22. Ne4 Qh6 23. Rfe1 g4 24. Rxe3 dxe3 25. Qe2 gxf3 26. Qxf3 Qg6 27. Nf6+
Qxf6 28. Bxf5 e2 29. Re1 Qd4+ 30. Qf2 Qxf2+ 31. Kxf2 Bd4+ 32. Kf3 Re3+ 33. Kf4
Re7 34. Be6+ Kg7 35. Rxe2 Kf6 36. Ke4 Be5 37. Rf2+ Kg6 38. g3 c6 39. Rf8 c5 40.
Rg8+ Kf6 41. g4 Rg7 42. h4 Rxg8 43. Bxg8 h6 44. b3 b6 45. Be6 Bg3 46. h5 Kg5 47.
Kf3 Be5 48. Ke4 Bd4 49. Bc8 Be5 50. Bf5 Bd4 51. Kf3 Be5 52. Bg6 Bd4 53. a3 Bb2
54. a4 a5 55. Bf5 Bc3 56. Be6 Bb4 57. Bf5 Bc3 58. Be6 Bb4 59. Bf5 Bc3 1/2-1/2

[Event "Titled Tue 26th Aug Early"]
[Site "chess.com INT"]
[Date "2025.08.26"]
[Round "6"]
[White "Ejsymont, Blanka"]
[Black "Lemos, Dawton Almino"]
[Result "0-1"]
[WhiteTitle "WCM"]
[BlackTitle "FM"]
[WhiteElo "2071"]
[BlackElo "2172"]
[WhiteFideId "21088268"]
[BlackFideId "2146797"]
[EventDate "2025.08.26"]

1. Nf3 Nf6 2. g3 g6 3. Bg2 Bg7 4. O-O O-O 5. d3 d5 6. c4 c6 7. Nc3 Re8 8. e4
dxe4 9. dxe4 Bg4 10. h3 Be6 11. Nd2 Nfd7 12. Qc2 a5 13. b3 Na6 14. a3 Ndc5 15.
Bb2 Qd3 16. Rac1 Rad8 17. Rfd1 Qxc2 18. Rxc2 Rd7 19. Kf1 b5 20. cxb5 cxb5 21.
Nd5 Bxb2 22. Rxb2 f5 23. f3 fxe4 24. fxe4 Nd3 25. Rc2 Rf8+ 26. Kg1 Nac5 27. b4
axb4 28. axb4 Na4 29. Nf3 Bxd5 30. exd5 Nxb4 31. Rcd2 Na6 32. Ne5 Rd6 33. Nc6 b4
34. Nxe7+ Kg7 35. Nc6 Nc3 36. Nd4 Nxd1 37. Ne6+ Rxe6 38. dxe6 Ne3 39. Rd7+ Kf6
40. e7 Re8 41. Rd6+ Kxe7 42. Rxa6 Nxg2 43. Kxg2 Rb8 44. Ra7+ Kf6 45. Ra1 Ke5 46.
Rb1 Kd4 47. Kf2 Kc3 48. Ke2 Kc2 49. Rf1 b3 50. Rf7 b2 51. Rc7+ Kb3 52. Rc3+ Kxc3
53. Ke3 b1=Q 54. Kf4 Qd3 55. Kg5 Rb5+ 56. Kh6 Rh5+ 57. Kg7 Qd7+ 58. Kh8 Re5 59.
g4 Re8# 0-1

[Event "Titled Tue 26th Aug Early"]
[Site "chess.com INT"]
[Date "2025.08.26"]
[Round "6"]
[White "Rahman, Masruri"]
[Black "Cevizci, Yusuf Baran"]
[Result "1-0"]
[WhiteTitle "IM"]
[BlackTitle "CM"]
[WhiteElo "2407"]
[BlackElo "2094"]
[WhiteFideId "7101163"]
[BlackFideId "34565400"]
[EventDate "2025.08.26"]

1. d4 d5 2. Bf4 Nf6 3. e3 c5 4. Nc3 cxd4 5. exd4 a6 6. Nf3 Bg4 7. h3 Bh5 8. g4
Bg6 9. Ne5 Nc6 10. h4 Nxe5 11. dxe5 d4 12. Nb1 Qd5 13. f3 Nxg4 14. Nc3 Qc6 15.
Qxd4 Rd8 16. Qa4 Qxa4 17. Nxa4 Bxc2 18. Nc5 e6 19. b4 Nh6 20. Bxh6 gxh6 21. Rc1
Bf5 22. a3 Rc8 23. Kd1 Bxc5 24. bxc5 Ke7 25. Rh2 Rhd8+ 26. Rd2 f6 27. exf6+ Kxf6
28. Rc3 Rxd2+ 29. Kxd2 Ke5 30. Ke3 Rc7 31. f4+ Kf6 32. Bg2 Rg7 33. Bf3 e5 34. c6
exf4+ 35. Kxf4 Bc8 36. c7 Ke7 37. Rd3 Kf6 38. Rd6+ Ke7 39. Rd8 Rf7+ 40. Ke3 Be6
41. c8=Q Bxc8 42. Rxc8 Kf6 43. Rc5 Re7+ 44. Kf4 Rd7 45. Rf5+ Kg7 46. Be4 Rc7 47.
Rd5 Rf7+ 48. Bf5 Re7 49. Rd7 Rxd7 50. Bxd7 Kf6 51. Bc8 b6 52. Bxa6 h5 53. Bd3 h6
54. Be2 Kg6 55. Ke5 b5 56. Bxb5 1-0

[Event "Titled Tue 26th Aug Early"]
[Site "chess.com INT"]
[Date "2025.08.26"]
[Round "6"]
[White "Nurgaliyev, Sauat"]
[Black "Vincenti, Leonardo"]
[Result "1-0"]
[WhiteTitle "IM"]
[BlackTitle "CM"]
[WhiteElo "2410"]
[BlackElo "2221"]
[WhiteFideId "13726285"]
[BlackFideId "28550820"]
[EventDate "2025.08.26"]

1. Nf3 Nf6 2. g3 g6 3. Bg2 Bg7 4. d3 O-O 5. e4 d6 6. c4 c5 7. Nc3 Nc6 8. h3 Nd4
9. Nxd4 cxd4 10. Ne2 e5 11. O-O Nd7 12. f4 a5 13. f5 Nc5 14. g4 Kh8 15. Ng3 Rg8
16. g5 Bd7 17. h4 Bf8 18. h5 Be7 19. f6 Bf8 20. hxg6 fxg6 21. Kf2 Qe8 22. Rh1
Qf7 23. Qf3 b5 24. b3 bxc4 25. bxc4 Ba4 26. Ba3 Ne6 27. Rxh7+ Qxh7 28. Rh1 Nxg5
29. Rxh7+ Nxh7 30. Bh3 Bh6 31. Bxd6 Rgd8 32. Be7 Rdb8 33. Ba3 Ra7 34. Be6 Be3+
35. Kg2 Ng5 36. Qg4 Nxe6 37. Qxe6 Rab7 38. f7 Kg7 39. f8=Q+ Rxf8 40. Bxf8+ Kxf8
41. Qc8+ Be8 42. Qxb7 Bf7 43. Qa8+ Ke7 44. Qxa5 Kf6 45. Qb6+ Kg5 46. a4 Be6 47.
a5 Bf4 48. Qxe6 Kh4 49. a6 Bxg3 50. Qh3+ Kg5 51. Kxg3 Kf6 52. a7 g5 53. Qf5+ 1-0

[Event "Titled Tue 26th Aug Early"]
[Site "chess.com INT"]
[Date "2025.08.26"]
[Round "6"]
[White "Duarte Cramer, Lily Jeanette"]
[Black "Simonovic, Miroslav"]
[Result "0-1"]
[WhiteTitle "WCM"]
[BlackTitle "CM"]
[WhiteElo "1904"]
[BlackElo "2092"]
[WhiteFideId "29620180"]
[BlackFideId "919152"]
[EventDate "2025.08.26"]

1. d4 Nf6 2. c4 c5 3. d5 b5 4. cxb5 a6 5. Nc3 axb5 6. Nxb5 Ba6 7. e3 Bxb5 8.
Bxb5 Qa5+ 9. Bd2 Qxb5 10. Nf3 d6 11. Bc3 Nbd7 12. a4 Qb7 13. O-O Qxd5 14. Qc2 g6
15. Rfd1 Qb7 16. Ng5 Bg7 17. Qd3 O-O 18. Qc4 h6 19. Nf3 Qe4 20. Qb5 Rfb8 21. Qe2
Nd5 22. Bxg7 Kxg7 23. Nd2 Qc2 24. Qf3 N7f6 25. b3 Nb4 26. Rac1 Qf5 27. Qe2 Ne4
28. Nc4 d5 29. Nb2 Rc8 30. f3 Nd6 31. Qd2 e6 32. Kh1 Qf6 33. Rb1 Na2 34. Re1 Nc3
35. Rbc1 d4 36. e4 e5 37. Nd3 c4 38. Nb4 cxb3 39. Qb2 Qe6 40. Ra1 Rxa4 41. Rxa4
Nxa4 42. Qa3 Nc3 43. h3 Ndb5 44. Qb2 Qc4 45. Nd5 Nxd5 46. exd5 Qxd5 47. Rb1 Rc2
48. Qxb3 Qxb3 49. Rxb3 Nc3 50. Rb5 d3 51. Rxe5 d2 52. Kh2 d1=Q 53. h4 Rxg2+ 54.
Kxg2 Qd2+ 55. Kh3 Qd7+ 56. Kg2 Nd1 57. Re2 Qd3 0-1

[Event "Titled Tue 26th Aug Early"]
[Site "chess.com INT"]
[Date "2025.08.26"]
[Round "6"]
[White "Brozynski, Patryk"]
[Black "Buscar, Michael"]
[Result "1-0"]
[WhiteTitle "CM"]
[WhiteElo "2121"]
[BlackElo "2015"]
[WhiteFideId "2512700"]
[BlackFideId "2603616"]
[EventDate "2025.08.26"]

1. e4 c5 2. Nf3 Nc6 3. Bb5 Nf6 4. Bxc6 dxc6 5. d3 Qc7 6. O-O e5 7. b3 Bg4 8. h3
Bh5 9. Nbd2 Be7 10. Bb2 Nd7 11. Nc4 f6 12. Ne3 O-O-O 13. a4 g5 14. Nf5 Bf8 15.
g4 Bg6 16. Nd2 h5 17. Kg2 Kb8 18. Nc4 Nb6 19. a5 Nc8 20. Qf3 Ne7 21. Nxe7 Bxe7
22. Ne3 Qd7 23. Bc3 Rh7 24. Rh1 Rdh8 25. Nf5 Bd8 26. Bd2 Kc8 27. Be3 Bxf5 28.
exf5 Be7 29. Qe4 Qd5 30. f3 Qxe4 31. fxe4 hxg4 32. hxg4 Rxh1 33. Rxh1 Rxh1 34.
Kxh1 b6 35. axb6 axb6 36. Kg2 Kb7 37. Kf2 Ka6 38. Ke2 Kb5 39. Kd2 Kb4 40. Kc1
Ka3 41. Kb1 Bd6 42. Bc1+ Kb4 43. Bd2+ Kb5 44. Kb2 Ka6 45. c3 Bc7 46. b4 cxb4 47.
cxb4 Kb5 48. Kb3 Bd6 49. Be1 Be7 50. Bc3 Bf8 51. Bd2 Bd6 52. Bc3 c5 53. bxc5
Bxc5 54. Bd2 Bd4 55. Bb4 Bc5 56. Bc3 Bd6 57. Bd2 Be7 58. Bc1 Bc5 59. Bb2 Bd4 60.
Bxd4 exd4 61. e5 fxe5 62. f6 Kc5 63. f7 1-0

[Event "Titled Tue 26th Aug Early"]
[Site "chess.com INT"]
[Date "2025.08.26"]
[Round "6"]
[White "Solovchuk, Oleksiy"]
[Black "Piesik, Piotr"]
[Result "1-0"]
[BlackTitle "IM"]
[WhiteElo "2303"]
[BlackElo "2427"]
[WhiteFideId "14115220"]
[BlackFideId "1136194"]
[EventDate "2025.08.26"]

1. c4 g6 2. Nc3 Bg7 3. g3 Nc6 4. Bg2 d6 5. Nf3 e5 6. Rb1 a5 7. a3 f5 8. b4 axb4
9. axb4 Nf6 10. b5 Ne7 11. d3 O-O 12. O-O h6 13. Nd2 c6 14. bxc6 bxc6 15. e3 Be6
16. Rb7 d5 17. cxd5 cxd5 18. Qb3 Rf7 19. e4 Rc8 20. Ba3 Nc6 21. exd5 Rxb7 22.
Qxb7 Na5 23. Qa6 Bf7 24. Bb4 Ra8 25. Qd6 Qxd6 26. Bxd6 Nd7 27. Nc4 Nb7 28. Bb4
Nbc5 29. Rd1 Rb8 30. Ba5 Ra8 31. Bc7 e4 32. Nxe4 fxe4 33. dxe4 Ra7 34. Bd6 Nb3
35. e5 Ra1 36. Rxa1 Nxa1 37. e6 Be8 38. exd7 Bxd7 39. Ne5 Bxe5 40. Bxe5 Nb3 41.
Be4 Kf7 42. f4 Nc5 43. Bc2 Bb5 44. Kf2 Bc4 45. d6 Be6 46. Ke3 Nd7 47. Kd4 g5 48.
f5 Ba2 49. g4 Nf6 50. Bxf6 Kxf6 51. Ba4 Bb1 52. h3 Ba2 53. Bc6 Bb3 54. Kc5 Bd1
55. Kb6 h5 56. d7 Ke7 57. Kc7 1-0

[Event "Titled Tue 26th Aug Early"]
[Site "chess.com INT"]
[Date "2025.08.26"]
[Round "6"]
[White "Zaw, Ye Htut"]
[Black "Jin, Ashton"]
[Result "0-1"]
[WhiteTitle "CM"]
[WhiteElo "2074"]
[BlackElo "2196"]
[WhiteFideId "13013955"]
[BlackFideId "30931908"]
[EventDate "2025.08.26"]

1. e4 c5 2. Nf3 d6 3. d4 cxd4 4. Nxd4 Nf6 5. Nc3 Nc6 6. Be2 e5 7. Nb3 Be6 8. Be3
Be7 9. g4 d5 10. exd5 Nxd5 11. Nxd5 Qxd5 12. Qxd5 Bxd5 13. O-O O-O-O 14. c3 Kb8
15. Rad1 Be6 16. Bf3 Rxd1 17. Rxd1 Rd8 18. Rxd8+ Nxd8 19. Nc5 Bc8 20. Ne4 b6 21.
Ng3 Kc7 22. h3 Be6 23. a3 Nb7 24. Be4 g6 25. f4 exf4 26. Bxf4+ Kc8 27. Kf2 Nc5
28. Bc2 Kd7 29. b4 Nb7 30. Ba4+ Kd8 31. Ne4 Bd5 32. Ke3 f6 33. Kd4 Be6 34. Bc6
Bc8 35. c4 a5 36. c5 bxc5+ 37. bxc5 f5 38. gxf5 gxf5 39. Nd6 Bf6+ 40. Kd5 Nxd6
41. cxd6 Bd7 42. Bb7 a4 43. Ba6 Bb2 44. Bg5+ Ke8 45. Bd3 Bxa3 46. Ke5 Bb2+ 47.
Kf4 a3 48. Bxf5 a2 49. Bg4 Bxg4 50. Kxg4 a1=Q 51. Kf5 Qf1+ 52. Ke6 Qe2+ 53. Kd5
Kd7 54. Be7 Qe6+ 55. Kc5 Bf6 56. Kb4 Bxe7 57. Kb5 Bxd6 0-1

[Event "Titled Tue 26th Aug Early"]
[Site "chess.com INT"]
[Date "2025.08.26"]
[Round "6"]
[White "Firouzja, Alireza"]
[Black "Maghsoodloo, Parham"]
[Result "0-1"]
[WhiteTitle "GM"]
[BlackTitle "GM"]
[WhiteElo "2766"]
[BlackElo "2695"]
[WhiteFideId "12573981"]
[BlackFideId "12539929"]
[EventDate "2025.08.26"]

1. e4 e5 2. Nf3 Nc6 3. Bb5 a6 4. Ba4 Nf6 5. O-O Bc5 6. c3 b5 7. Bb3 d6 8. a4 Bb7
9. d4 Bb6 10. Re1 h6 11. Be3 exd4 12. cxd4 Na5 13. Bc2 O-O 14. Nbd2 Re8 15. Qb1
Nc4 16. Nxc4 bxc4 17. a5 Ba7 18. d5 Bxe3 19. Rxe3 c6 20. Ba4 cxd5 21. Bxe8 Qxe8
22. exd5 Qb5 23. Qe1 Bxd5 24. Rb1 Ng4 25. Ra3 Bxf3 26. Rxf3 Ne5 27. Rg3 Nd3 28.
Qc3 g6 29. h4 Re8 30. Qf6 Qe5 31. Qf3 Rb8 32. Rg4 d5 33. b3 Rb5 34. Kf1 Kg7 35.
h5 Qxh5 36. Kg1 Qe5 37. Rg3 Qf6 38. Qe2 Nf4 39. Qd2 c3 40. Qc2 d4 41. Rd1 Re5
42. Rf3 Ne2+ 43. Kf1 Qh4 44. Rh3 Qg4 45. Qd3 Nf4 46. Qf3 Qg5 47. Rg3 Qh4 0-1